| 000 | 03164nam0a2200325 4500 | ||
|---|---|---|---|
| 001 | RU\NLR\bibl\492565 | ||
| 005 | 20260406124305.0 | ||
| 021 |
_aRU _b2003-65750 _93239 |
||
| 035 | _a(NLR Aleph) 000485231 | ||
| 090 |
_a1078950 _c1078950 |
||
| 100 | _a20040218d2003 |||y0rusy50 ca | ||
| 101 | 0 | _arus | |
| 102 | _aRU | ||
| 105 | _ay ||||||||| | ||
| 200 | 1 |
_aГенофонд рода Triticum L. как исходный материал для селекции _e[Сб. ст.] _fМ-во сел. хоз-ва Рос. Федерации, Рос. акад. с.-х. наук, Гос. науч. центр Рос. Федерации Всерос. НИИ растениеводства им. Н.И. Вавилова (ГНЦ РФ ВИР) |
|
| 210 |
_aСПб. _cВИР _d2003 |
||
| 215 |
_a42, [1] с. _d21 |
||
| 320 | _aБиблиогр. в конце ст. | ||
| 327 | 1 | _aСодерж.: Мировые растительные ресурсы яровой мягкой пшеницы в условиях Подмосковья / А.В. Пухальский, А.М. Медведев, Л.М. Медведева и др. Видовое разнообразие рода Triticum L. как источник устойчивости пшеницы к наиболее опасным болезням / А.М. Медведев, Л.М. Медведева | |
| 464 | 0 |
_12001#$aМировые растительные ресурсы яровой мягкой пшеницы в условиях Подмосковья$fА.В. Пухальский, А.М. Медведев, Л.М. Медведева и др. _1701#1$aПухальский$bА. В.$gАнатолий Васильевич$4070$3RU\NLR\auth\7718015 _1701#1$3RU\NLR\auth\7718019$aМедведев$bА. М.$cд-р с.-х. наук$gАнатолий Михайлович$4070 _1701#1$aМедведева$bЛ. М.$gЛилия Михайловна$4070$3RU\NLR\auth\7718022 _tМировые растительные ресурсы яровой мягкой пшеницы в условиях Подмосковья |
|
| 464 | 0 |
_12001#$aВидовое разнообразие рода Triticum L. как источник устойчивости пшеницы к наиболее опасным болезням$fА.М. Медведев, Л.М. Медведева _1701#1$3RU\NLR\auth\7718019$aМедведев$bА. М.$cд-р с.-х. наук$gАнатолий Михайлович$4070 _1701#1$aМедведева$bЛ. М.$gЛилия Михайловна$4070 _tВидовое разнообразие рода Triticum L. как источник устойчивости пшеницы к наиболее опасным болезням |
|
| 606 | 0 |
_aМягкая пшеница яровая _jСборники _xГенофонд _92323952 _3RU\NLR\auth\661390164 |
|
| 686 | _aП212.13-31я43 | ||
| 712 | 0 | 2 |
_4570 _aВсероссийский НИИ растениеводства им. Н. И. Вавилова _cСанкт-Петербург _9307525 _3RU\NLR\AUTH\8817143 |
| 801 | 0 |
_aRU _bNLR _c20040218 _gPSBO |
|
| 801 | 1 |
_aRU _bNLR _c20040218 |
|
| 942 | _cBOOK | ||
| 980 | _aNB | ||